Personas y destinos / (Record no. 130181)

MARC details
000 -LEADER
campo de control de longitud fija 00602nam a2200205 i 4500
001 - NÚMERO DE CONTROL
campo de control 130181
003 - IDENTIFICADOR DE NÚMERO DE CONTROL
campo de control ES-MaACL
005 - FECHA Y HORA DE LA ÚLTIMA TRANSACCIÓN
campo de control 20250808062535.0
007 - CAMPO FIJO DE DESCRIPCIÓN FÍSICA--INFORMACIÓN GENERAL
campo de control de longitud fija t|
008 - DATOS DE LONGITUD FIJA--INFORMACIÓN GENERAL
campo de control de longitud fija 070723s1952 sp ||||1| spa d
100 1# - ENTRADA PRINCIPAL--NOMBRE DE PERSONA
Nombre de persona Zweig, Stefan,
Fechas asociadas al nombre 1881-1942
9 (RLIN) 118562
245 10 - MENCIÓN DEL TÍTULO
Título Personas y destinos /
Mención de responsabilidad, etc. Stefan Zweig ; traducción por Tristán La Rosa.
260 ## - PUBLICACIÓN, DISTRIBUCIÓN, ETC.
Lugar de publicación, distribución, etc. Barcelona :
Nombre del editor, distribuidor, etc. Apolo,
Fecha de publicación, distribución, etc. 1952 (
Fabricante Miguza)
300 ## - DESCRIPCIÓN FÍSICA
Extensión 212 p. ;
Dimensiones 15 cm.
490 1# - MENCIÓN DE SERIE
Mención de serie Prisma
700 1# - ENTRADA AGREGADA--NOMBRE PERSONAL
Nombre de persona La Rosa, Tristán.
9 (RLIN) 69179
830 00 - PUNTO DE ACCESO ADICIONAL DE SERIE-TÍTULO UNIFORME
Título uniforme Prisma
9 (RLIN) 180749
852 ## - LOCALIZACIÓN
Ubicación ES-MaACL
Número de control de estantería D-8543
Sublocalización o colección R.33296
Holdings
Estatus retirado Estado de pérdida Estado de daño No para préstamo Biblioteca de origen Biblioteca actual Ubicación en estantería Fecha de adquisición Fuente de adquisición Total de préstamos Signatura topográfica completa Código de barras Visto por última vez Precio de reemplazo Tipo de ítem Koha
        Biblioteca del Ateneo de Madrid Biblioteca del Ateneo de Madrid Sala Valle Inclán 17/01/2008     D-8543 901135550 23/02/2023 23/02/2023 Libro impreso